Davis NCLEX - RN Review (Record no. 159297)
[ view plain ]
| 000 -LEADER | |
|---|---|
| fixed length control field | 00380nam a2200145Ia 4500 |
| 008 - FIXED-LENGTH DATA ELEMENTS--GENERAL INFORMATION | |
| fixed length control field | 230519s9999 xx 000 0 und d |
| 020 ## - INTERNATIONAL STANDARD BOOK NUMBER | |
| International Standard Book Number | 0-8036-0063-1 |
| 041 ## - LANGUAGE CODE | |
| Language code of text/sound track or separate title | eng |
| 082 ## - DEWEY DECIMAL CLASSIFICATION NUMBER | |
| Classification number | 610.73/BEA/DB0562 |
| 100 ## - MAIN ENTRY--PERSONAL NAME | |
| Personal name | Beare Patricia |
| 9 (RLIN) | 180413 |
| 245 ## - TITLE STATEMENT | |
| Title | Davis NCLEX - RN Review |
| 260 ## - PUBLICATION, DISTRIBUTION, ETC. (IMPRINT) | |
| Name of publisher, distributor, etc. | F A Davis Company |
| Place of publication, distribution, etc. | Philadelphia |
| Date of publication, distribution, etc. | 1996 |
| 300 ## - PHYSICAL DESCRIPTION | |
| Extent | 705p |
| Withdrawn status | Lost status | Damaged status | Not for loan | Home library | Current library | Date acquired | Cost, normal purchase price | Bill number | Total Checkouts | Full call number | Barcode | Date last seen | Bill Date | Koha item type | Original Barcode |
|---|---|---|---|---|---|---|---|---|---|---|---|---|---|---|---|
| Smt. Bakul Tambat Institute of Nursing Education | Smt. Bakul Tambat Institute of Nursing Education | 03/08/2017 | 200.00 | 859 | 610.73 BEA DB0562 | BTIN-DB-562 | 19/05/2023 | 03/08/2017 | Donated Book | DB0562 |